Charakteristika osobnosti majiteľov automobilov z hľadiska modelu „Veľkej päťky“ (The Big Five personality traits) s využitím korešpondenčnej analýzy

Saved in:
Bibliographic Details
Main Author: Šipoldová, Romana, 1995-
Format: Book Chapter
Language:English
Subjects:
Tags: Add Tag
No Tags, Be the first to tag this record!

MARC

LEADER 00000naa$a2200000$$$4500
001 0272008
005 20240502074305.0
041 0 |a eng 
044 |a SK 
245 1 0 |a Charakteristika osobnosti majiteľov automobilov z hľadiska modelu „Veľkej päťky“ (The Big Five personality traits) s využitím korešpondenčnej analýzy  |c Romana Šipoldová 
500 |a abstrakt 
610 2 0 |a analýzy 
610 2 0 |a priemysel automobilový 
610 2 0 |a značky 
610 2 0 |a preferencie spotrebiteľské 
100 1 |a Šipoldová, Romana, 1995-